| 000 | 02214 a2200241 4500 | ||
|---|---|---|---|
| 001 | 29166 | ||
| 005 | 20260407155600.0 | ||
| 008 | 260407a1965 arg spa d | ||
| 003 | AR-UNSa-BCEJYS | ||
| 040 |
_aAR-UNSa-BCEJYS _bspa _cAR-UNSa-BCEJYS |
||
| 080 |
_a657 _xContabilidad |
||
| 245 | 1 | 0 | _aContabilidad económica |
| 250 | _a2a. ed | ||
| 264 | 1 |
_aMéxico : _bFondo de Cultura Económica _c1965 |
|
| 300 |
_a538 p. _c23 cm. |
||
| 505 | _aParte I: Cuentas de la empresa individual: 1. La contabilidad y el análisis ecónomico - 2. Cuentas familiares - 3. Ahorro e inversión - 4. Contabilidad de la empresa individual: I. Transacciones - 5. Contabilidad de la empresa individual: II. Los estados fundamentales - 6. Contabilidad de la empresa individual: III. El estado de origen y aplicación de fondos - 7. Contabilidad de las sociedades anónimas: I. Transacciones - 8. Contabilidad de las sociedades anónimas: II. Asientos - 9. Contabilidad de las sociedades anónimas: III. Ingreso y producto - 10. Contabilidad de las sociedades anónimas: IV. El balance y el estado de inversión - 11. Contabilidad de las sociedades anónimas: V. El estado de origen y aplicación de fondos - 12. Contabilización del costo unitario - 13. Estados contables del sistema monetario -- Parte II: 14. Los estados consolidados: I. Cuentas de la empresa - 15. Los estados consolidados: II. Cuentas sociales - 16. Contabilidad del sector - 17. Contabilidad del producto nacional: I. Transacciones - 18. Contabilidad del producto nacional: II. Transacciones (continuación) - 19. Contabilidad del producto nacional: III. Las cuentas del sector - 20. La cuenta del ingreso y el producto nacional - 21. Contabilidad de la balanza de pagos: I. La ecuación - 22. Contabilidad de la balanza de pagos: II. Transacciones y presentación - 23. Contabilidad de la balanza de pagos: III. Otras consideraciones - 24. Cuadros de insumo-producto - 25. Cuentas de las corrientes de fondos - 26. Afinidad entre los principios contables | ||
| 942 | _cBK | ||
| 590 | _aniveau_biblio:m niveau_hierar:0 | ||
| 100 | 1 | _aPowelson, John P. | |
| 700 | 1 | _aRamón, Herminia | |
| 700 | 1 | _aPimentel, Rubén C. | |
| 700 | 1 | _aSobrino, José Manuel | |
| 999 |
_c1809 _d1809 |
||